000 00343nam a2200133Ia 4500
008 220204s9999 xx 000 0 und d
020 _a0139569960
082 _a635.1/.8
_bDEC
100 _aDecoteau, Dennis R
245 0 _aVegetable crops
260 _aNew Jersey
_bPrentice Hall
_c2000
650 _aVegetable crops cultivation
942 _cBK
999 _c42659
_d42659